000 00247nam a2200109Ia 4500
008 260210s9999 xx 000 0 und d
020 _a9781610917742
100 _aWolfe
245 0 _aSeeing The Better City
260 _bIsland Press
942 _cPG
999 _c14042
_d14042